00221nam a2200085Ia 4500008004100000100002500041245002700066260002800093650001400121190216s9999||||xx |||||||||||||| ||und|| aKerala Government Of 0aMalayalam-Pathrabhasha bKerala Sahithya Academy aMalayalam